[Event "Oberliga Ost B9394"]
[Site "Germany"]
[Date "1994.??.??"]
[Round "?"]
[White "Gmeiner, Peter"]
[Black "Beck, Daniel"]
[Result "0-1"]
[WhiteElo "2280"]
[BlackElo "2200"]

1.e4 c5 2.Nc3 Nc6 3.Nge2 g6 4.g3 Bg7 5.Bg2 d6 6.d3 e5 7.Nd5 Nge7 8.Bg5 Qa5+
9.Bd2 Qd8 10.Nec3 O-O 11.Bg5 f6 12.Be3 Be6 13.Nxe7+ Nxe7 14.O-O Rc8 15.Qd2 d5
16.Bh6 d4 17.Ne2 c4 18.Bxg7 Kxg7 19.f4 Qb6 20.b3 cxd3 21.cxd3 a5 22.fxe5 fxe5
23.Qg5 Nc6 24.g4 h6 25.Qh4 Qd8 26.Qg3 Qg5 27.h3 Qe3+ 28.Qxe3 dxe3 29.Rxf8 Rxf8
30.Nc3 Nd4 31.Re1 Rc8 32.Nd5 e2 33.Ne3 Rc3 34.Kf2 Rxd3 35.Bf3 Rd2 36.Rc1 e1=Q+  0-1

[Event "NRW-Liga I 9394"]
[Site "Germany"]
[Date "1994.??.??"]
[Round "?"]
[White "Donner, Bernd"]
[Black "Kurr, Gerd"]
[Result "0-1"]
[WhiteElo "2380"]
[BlackElo "2225"]

1.e4 c5 2.Nc3 Nc6 3.Bb5 Nd4 4.Bc4 e6 5.f4 a6 6.a4 Rb8 7.d3 Ne7 8.Nf3 Nec6
9.O-O b5 10.Ba2 Be7 11.axb5 axb5 12.f5 O-O 13.Nxd4 Nxd4 14.Ne2 Bf6 15.Ng3 b4
16.Nh5 exf5 17.Nxf6+ Qxf6 18.c3 b3 19.Bb1 Ne6 20.Rxf5 Qe7 21.Ra3 g6 22.Rf2 c4
23.dxc4 Nc5 24.Qd4 Ne6 25.Qd1 Nc5 26.Bf4 Rb6 27.e5 Ba6 28.Qd5 Rc6 29.Be3 Ne6
30.Ra4 Rfc8 31.Bd3 R8c7 32.Bf1 Bb7 33.Qd1 Nc5 34.Bxc5 Rxc5 35.Qxb3 Be4 36.Qd1 Rxe5
37.Qd4 Rc6 38.Ra8+ Kg7 39.Ra1 Rd6 40.Qa7 Rh5 41.Re1 Qh4 42.g3 Qxg3+ 43.Bg2  0-1

[Event "Oberliga Nord N9394"]
[Site "Germany"]
[Date "1994.??.??"]
[Round "?"]
[White "Voigt, Martin"]
[Black "Neukirch, Detlef"]
[Result "1-0"]
[WhiteElo "2270"]
[BlackElo "2315"]

1.e4 c5 2.Nc3 Nc6 3.Nge2 e5 4.Nd5 Nge7 5.Nec3 Nxd5 6.Nxd5 d6 7.Bc4 a6 8.a4 Be6
9.O-O g6 10.d3 Bg7 11.c3 O-O 12.Be3 h6 13.Qd2 Kh7 14.b4 f5 15.f3 cxb4 16.cxb4 Nd4
17.a5 Rb8 18.Rac1 g5 19.Bxd4 exd4 20.Nc7 Bxc4 21.Rxc4 fxe4 22.dxe4 Qd7 23.Nd5 Rf7
24.Rc7 Qxc7 25.Nxc7 Rxc7 26.h4 gxh4 27.Qf4 Rc6 28.Qf5+ Kh8 29.f4 Rbc8 30.Qd5 b6
31.b5 axb5 32.a6 Rc5 33.Qxd6 R5c6 34.Qd5 Rc5 35.Qb7 d3 36.a7 Bd4+ 37.Kh2  1-0

[Event "BL2-W9394"]
[Site "Germany"]
[Date "1994.??.??"]
[Round "?"]
[White "Balashov, Yuri S"]
[Black "Legde, Georg"]
[Result "1-0"]
[WhiteElo "2510"]
[BlackElo "2265"]

1.e4 c5 2.Ne2 Nc6 3.Nbc3 Nf6 4.g3 d6 5.Bg2 e6 6.O-O Be7 7.d3 O-O 8.h3 Rb8
9.a4 a6 10.Be3 Qc7 11.Qd2 b5 12.axb5 axb5 13.f4 b4 14.Nd1 Bb7 15.Bf2 Ra8
16.Ne3 Na5 17.g4 c4 18.Rad1 Rfc8 19.f5 Nd7 20.Qxb4 cxd3 21.cxd3 Nc5 22.fxe6 fxe6
23.d4 Nxe4 24.d5 Nxf2 25.Rxf2 Bg5 26.Nf4 Bxf4 27.Qxf4 Rf8 28.Qb4 Rxf2 29.Kxf2 Rf8+
30.Kg1 exd5 31.Nxd5 Qc5+ 32.Qd4 Nc6 33.Qxc5 dxc5 34.Rc1 Nd4 35.Rxc5 Nf3+
36.Kh1 Ba8 37.Ne7+ Kf7 38.Nc8  1-0

[Event "Landesliga N9495 Bayern"]
[Site "Germany"]
[Date "1994.??.??"]
[Round "2"]
[White "Karlik, Jiri"]
[Black "Fodre, Sandor"]
[Result "0-1"]
[WhiteElo "2355"]
[BlackElo "2265"]

1.e4 c5 2.Nf3 Nc6 3.Nc3 e5 4.Nd5 d6 5.c3 Nf6 6.Bb5 Bd7 7.Nxf6+ Qxf6 8.d3 Qg6
9.Bc4 Be7 10.h4 Nd8 11.Bd5 h6 12.Be3 Qxg2 13.Rg1 Qh3 14.Rg3 Qh1+ 15.Rg1 Qh3
16.Kd2 Bc6 17.Rg3 Qd7 18.Rxg7 Ne6 19.Bxe6 Qxe6 20.c4 Bf8 21.Rg3 O-O-O 22.h5 f5
23.exf5 Qxf5 24.Nh4 Qf6 25.Ng6 Rg8 26.Qg4+ Kb8 27.Qh4 Rxg6  0-1

[Event "Landesliga N9495 Bayern"]
[Site "Germany"]
[Date "1994.??.??"]
[Round "4"]
[White "Schindler, Viktor"]
[Black "Fiedler, Wolfgang"]
[Result "1/2-1/2"]
[WhiteElo "2090"]
[BlackElo "2090"]

1.e4 c5 2.Nf3 Nc6 3.Nc3 h6 4.d4 cxd4 5.Nxd4 e5 6.Ndb5 a6 7.Nd6+ Bxd6 8.Qxd6 Qf6
9.Qd1 Qg6 10.h4 Nf6 11.h5 Qh7 12.f3 d5 13.Nxd5 Nxd5 14.Qxd5 Be6 15.Qd6 Rd8
16.Qa3 f5 17.Bd3 f4 18.Bd2 g6 19.O-O-O g5 20.Bc3 Qe7 21.Qxe7+ Kxe7 22.a4 Rd7
23.b3 Rhd8 24.Bb2 Bxb3  1/2-1/2

[Event "Landesliga S9495 Bayern"]
[Site "Germany"]
[Date "1994.??.??"]
[Round "5"]
[White "Straub, Juergen"]
[Black "Schmidt, Anton"]
[Result "1/2-1/2"]
[WhiteElo "2145"]
[BlackElo "2045"]

1.e4 c5 2.Nf3 Nc6 3.Nc3 e5 4.Bc4 Be7 5.d3 Nf6 6.Bg5 O-O 7.Bxf6 Bxf6 8.Qd2 d6
9.h3 Nd4 10.Nxd4 cxd4 11.Ne2 Be6 12.O-O Rc8 13.Bb3 d5 14.f4 dxe4 15.dxe4 Qb6
16.Qd3 Bxb3 17.axb3 Rxc2 18.fxe5 Bxe5 19.Rf5 Rxe2 20.Rxe5 Re3 21.Qb5 Rxb3
22.Qxb6 axb6 23.Ra7 Rxb2 24.Rxb7 h6 25.Rd5 Rc8 26.Rxd4 Rc1+ 27.Kh2 Rcc2 28.Rd8+ Kh7
29.Rxf7 Rxg2+ 30.Kh1 Rh2+ 31.Kg1 Rxh3 32.Rdd7 Rg3+ 33.Kf1 Rb4 34.Kf2 Rg4
35.e5 Rbf4+ 36.Ke3 Rxf7 37.Rxf7 Kg6 38.Rf8 Rg1 39.Kd4 h5 40.e6 Re1 41.Kd5 h4
42.Kd6 h3 43.e7 h2 44.Rf1 Re3 45.Kd7 Kg5 46.Rh1 Kf6 47.e8=Q Rxe8 48.Kxe8 g5
49.Rxh2 Kf5 50.Kf7 g4 51.Rb2  1/2-1/2

[Event "Landesliga S9495 Bayern"]
[Site "Germany"]
[Date "1994.??.??"]
[Round "6"]
[White "Sirch, Franz"]
[Black "Schmidt, Anton"]
[Result "1-0"]
[WhiteElo "2085"]
[BlackElo "2045"]

1.e4 c5 2.Nf3 Nc6 3.Nc3 d6 4.d4 cxd4 5.Nxd4 Nf6 6.Bg5 Bd7 7.Qd2 Rc8 8.O-O-O Nxd4
9.Qxd4 Qa5 10.f4 e6 11.e5 dxe5 12.fxe5 Bc6 13.Bb5 Bxb5 14.exf6 Bc6 15.h4 g6
16.Rhe1 Bc5 17.Rxe6+ Kf8 18.Bh6+ Kg8 19.Qe5 Bb4 20.Nd5 Qxa2 21.Ne7+ Bxe7
22.fxe7  1-0

[Event "USA-ARM"]
[Site "Glendale"]
[Date "1994.??.??"]
[Round "3"]
[White "Gurevich, Ilya"]
[Black "Anastasian, Ashot"]
[Result "1/2-1/2"]
[WhiteElo "2585"]
[BlackElo "2545"]

1.e4 c5 2.Nf3 Nc6 3.Nc3 e5 4.Bc4 d6 5.d3 Be7 6.Nd2 Bg5 7.Nf1 Bxc1 8.Rxc1 Nge7
9.Ne3 O-O 10.O-O a6 11.Ncd5 b5 12.Bb3 Be6 13.c3 Rc8 14.f4 exf4 15.Nxf4 Bxb3
16.axb3 Ne5 17.Qd2 N7g6 18.Nfd5 Ne7 19.Nxe7+ Qxe7 20.Nf5 Qd8 21.d4 Ng6 22.Rcd1 Qc7
23.Qg5 Rfe8 24.Qg3 Re6 25.h4 h5 26.e5 dxe5 27.d5 Rd6 28.Qg5 Rcd8 29.Nxd6 Rxd6
30.Qxh5 c4 31.Qg5 Qb6+ 32.Kh2 Nxh4 33.g3 Ng6 34.bxc4 bxc4 35.Rd2 Qb7 36.Rfd1 Qd7
37.Rf1 Rxd5 38.Rfd1 Rd3 39.Rxd3 cxd3 40.Qe3 Qg4 41.Rxd3 f5 42.Kg1 e4 43.Rd8+ Kh7
44.Qf2 Kh6 45.Kf1 f4 46.gxf4 Nxf4 47.Rh8+ Kg5  1/2-1/2

[Event "Goch op"]
[Site "Goch"]
[Date "1994.??.??"]
[Round "5"]
[White "Eckert, Frank"]
[Black "Costantino, R."]
[Result "1-0"]
[WhiteElo "1990"]
[BlackElo "1825"]

1.e4 c5 2.Nf3 Nc6 3.Nc3 d6 4.d4 cxd4 5.Nxd4 g6 6.Be3 Nf6 7.f3 a6 8.Bc4 Bg7
9.Qd2 O-O 10.O-O-O Ne5 11.Bb3 b5 12.h4 h5 13.Rdg1 Bb7 14.g4 hxg4 15.h5 gxh5
16.Bh6 Kh7 17.Bxg7 Kxg7 18.Nf5+ Kg6  1-0

[Event "Graz-ch"]
[Site "Graz"]
[Date "1994.??.??"]
[Round "8"]
[White "Teuschler, A."]
[Black "Weissenbichler, Franz"]
[Result "1-0"]
[WhiteElo "1970"]
[BlackElo "2030"]

1.e4 c5 2.Ne2 Nc6 3.Nbc3 e5 4.d3 d6 5.Nd5 Be6 6.Ne3 Nge7 7.Ng3 g6 8.Be2 f5
9.exf5 gxf5 10.Bh5+ Kd7 11.Nc4 d5 12.Nd2 f4 13.Ngf1 Rg8 14.g3 Nf5 15.Nb3 Bd6
16.c3 Qb6 17.Qe2 Raf8 18.Bf3 a5 19.Nbd2 a4 20.Qd1 Qa6 21.Be2 b5 22.a3 Rg7
23.Nf3 e4 24.dxe4 dxe4 25.N3d2 f3 26.Nxe4 fxe2 27.Nxc5+ Ke7 28.Qxd6+ Nxd6
29.Nxa6 exf1=Q+ 30.Kxf1 Bc4+ 31.Ke1 Rf5 32.f4 Kd7 33.Kf2 Ne4+ 34.Kg2 Bd5
35.Rd1 Nxc3+ 36.Rxd5+ Nxd5 37.Nc5+ Kd6 38.Ne4+ Ke7 39.Kh3 Nd4 40.Bd2 Nb3
41.Re1 Nxd2 42.Nxd2+ Kf8 43.Nf3 Rh5+ 44.Nh4 Ne7 45.g4 Rd5 46.Re3 h5 47.g5 Nf5
48.Nxf5 Rxf5 49.Kg3 Re7 50.Rc3 Re4 51.Rf3 Re2 52.b3 Rb2 53.b4 Rb3 54.h3 Rd5
55.h4 Rdd3  1-0

[Event "Groningen op"]
[Site "Groningen"]
[Date "1994.??.??"]
[Round "2"]
[White "Stisis, Yaacov"]
[Black "Schmittdiel, Eckhard"]
[Result "0-1"]
[WhiteElo "2400"]
[BlackElo "2495"]

1.e4 c5 2.Nf3 Nc6 3.Nc3 e5 4.Bc4 Be7 5.d3 Nf6 6.O-O O-O 7.Nd5 d6 8.Nxf6+ Bxf6
9.c3 Be6 10.Be3 Qd7 11.a3 a6 12.Bxe6 Qxe6 13.c4 b5 14.Nd2 Rab8 15.Rc1 Rfc8
16.Qe2 h6 17.g3 Bg5 18.cxb5 Bxe3 19.Qxe3 Rxb5 20.Nc4 Rcb8 21.a4 Rb3 22.f4 exf4
23.gxf4 f5 24.e5 Nd4 25.Kh1 dxe5 26.fxe5 R8b4 27.Rc3 Qc6+ 28.Kg1 Qg6+ 29.Kh1 Rxb2
30.Nxb2 Rxb2 31.Rf2 f4 32.Qxf4 Qc6+ 33.Kg1 Ne2+ 34.Rxe2 Rxe2 35.Qg3 Qxa4
36.Rc1 Qd4+ 37.Kh1 Qd5+ 38.Kg1 Rxe5 39.h4 Qd4+ 40.Qf2 Qxd3  0-1

[Event "Groningen op"]
[Site "Groningen"]
[Date "1994.??.??"]
[Round "4"]
[White "Drozdov, Igor"]
[Black "Kozul, Zdenko"]
[Result "1/2-1/2"]
[WhiteElo "2405"]
[BlackElo "2575"]

1.e4 c5 2.Nf3 Nc6 3.Nc3 d6 4.d4 cxd4 5.Nxd4 Nf6 6.Be2 e5 7.Nf3 h6 8.O-O Be7
9.Re1 O-O 10.h3 Be6 11.Bf1 Nb8 12.b3 Nbd7 13.Bb2 a6 14.a4 Rc8 15.Nd2 Qa5
16.Nc4 Bxc4 17.Bxc4 Nb6 18.Bf1 Rxc3 19.Qd2 Rfc8 20.Re3 Nxe4 21.Rxe4 Qd5 22.Qxd5 Nxd5
23.Bxc3 Nxc3 24.Rc4 Rxc4 25.bxc4 Ne4 26.g3 Nc5 27.Bg2 Kf8 28.Bd5 Bd8 29.Rb1 b6
30.Bc6 f5 31.Kg2 Kf7 32.h4 a5 33.Kf3 g5 34.hxg5 hxg5 35.g4 e4+ 36.Ke2 fxg4
37.Rg1 Ke6 38.Rxg4 Kf5 39.Rg1 g4 40.Rd1 Be7 41.Rb1 Bd8 42.Rd1 Be7 43.Rb1  1/2-1/2

[Event "Groningen op"]
[Site "Groningen"]
[Date "1994.??.??"]
[Round "8"]
[White "Landa, Konstantin"]
[Black "Gasimov, Ragim"]
[Result "1/2-1/2"]
[WhiteElo "2510"]
[BlackElo "2420"]

1.e4 c5 2.Nc3 Nc6 3.Nf3 Nf6 4.Bb5 a6 5.Bxc6 dxc6 6.h3 g6 7.d3 Bg7 8.Qe2 O-O
9.O-O h6 10.Bf4 Kh7 11.Be5 Re8 12.Rad1 Qa5 13.Qe3 Be6 14.Nh2 Bf8 15.Ne2 c4
16.Bc3 Qc7 17.Nf4 cxd3 18.Nxe6 fxe6 19.Rxd3 Red8 20.Rfd1 Bg7 21.Nf3 c5 22.Rxd8 Rxd8
23.Rxd8 Qxd8 24.Bxf6 exf6 25.Qxc5 Qd1+ 26.Kh2 Qe2 27.Qb4 b5 28.Nd4 Qxe4 29.c3 f5
30.Qe7 Qf4+ 31.Kg1  1/2-1/2

[Event "EU-ch U18"]
[Site "Hania"]
[Date "1994.??.??"]
[Round "4"]
[White "Moor, Roger"]
[Black "Hausrath, Daniel"]
[Result "0-1"]
[WhiteElo "2085"]
[BlackElo "2320"]

1.e4 c5 2.Nc3 Nc6 3.Nge2 e5 4.Nd5 d6 5.Nec3 Nge7 6.g3 Nxd5 7.Nxd5 Ne7 8.Bg2 Nxd5
9.exd5 Be7 10.O-O O-O 11.d3 f5 12.f4 Bf6 13.c3 Bd7 14.Be3 b6 15.Qd2 h6 16.Rae1 Rc8
17.Bh3 g5 18.fxe5 Bxe5 19.d4 Bg7 20.dxc5 bxc5 21.Rf2 Rc7 22.Qd3 c4 23.Qc2 f4
24.Bxd7 Rxd7 25.gxf4 gxf4 26.Bc1 Qg5+ 27.Rg2 Qxd5 28.Qg6 f3 29.Rf2 Re7 30.Bd2 Rf6
31.Qg4 Rxe1+ 32.Bxe1 Qd3 33.Kh1 d5 34.h3 Qe4 35.Bd2 Kh7 36.Kh2 Rf7 37.Qxe4+ dxe4
38.Be3 Be5+ 39.Kg1 Bf4 40.Bxf4 Rxf4 41.Rd2 e3 42.Rd7+ Kg6  0-1

[Event "SWE-ch"]
[Site "Haparanda"]
[Date "1994.??.??"]
[Round "3"]
[White "Moberg, Karl Johan"]
[Black "Wikner, Arvid"]
[Result "1-0"]
[WhiteElo "2335"]
[BlackElo "2230"]

1.e4 c5 2.Nc3 Nc6 3.Nf3 d6 4.d4 cxd4 5.Nxd4 Nf6 6.Bg5 e6 7.Qd2 Be7 8.O-O-O O-O
9.Nb3 Qb6 10.f3 Rd8 11.Kb1 Qc7 12.Bxf6 Bxf6 13.g4 g6 14.g5 Bg7 15.h4 a6 16.h5 b5
17.hxg6 hxg6 18.f4 b4 19.Na4 Bb7 20.Bd3 Rab8 21.Qh2 Ne7 22.f5 exf5 23.Nac5 f4
24.Nxb7 Rxb7 25.Qxf4 a5 26.Rh7 d5 27.Rxg7+ Kxg7 28.Qf6+ Kf8 29.Rf1 Ng8 30.Qxg6 dxe4
31.Qxe4 Re8 32.Qg4 a4 33.Nd2 Qe5 34.Nf3 Qe6 35.Qd4 Qe3 36.Qd6+ Qe7 37.Qd4 b3
38.g6 f6 39.g7+ Kxg7 40.Qg1+ Kf8 41.Re1 bxc2+ 42.Bxc2 Rxb2+ 43.Kxb2 Qb4+
44.Bb3 Ne7 45.Re6 Rc8 46.Rxf6+ Ke8 47.Qe1 a3+ 48.Kb1 Rc3 49.Qe6 Rxb3+ 50.Qxb3 Qe4+
51.Ka1 Qe2 52.Qb8+ Nc8 53.Qxc8+ Ke7 54.Qf8+  1-0

[Event "SWE-ch"]
[Site "Haparanda"]
[Date "1994.??.??"]
[Round "13"]
[White "Wikner, Arvid"]
[Black "Lindberg, Bengt"]
[Result "0-1"]
[WhiteElo "2230"]
[BlackElo "2315"]

1.e4 c5 2.Nc3 Nc6 3.Nf3 e5 4.Bc4 d6 5.d3 h6 6.Nd5 Nf6 7.c3 Be6 8.Qb3 Na5
9.Nxf6+ gxf6 10.Qa4+ Bd7 11.Bb5 Nc6 12.d4 a6 13.Bxc6 Bxc6 14.Qc2 cxd4 15.cxd4 d5
16.exd5 Qxd5 17.dxe5 O-O-O 18.Bd2 Be7 19.a3 Qe6 20.O-O-O fxe5 21.Rhe1 f6
22.Nh4 Kb8 23.Ng6 Rc8 24.Bc3 Rhe8 25.Nxe7 Rxe7 26.f3 Rec7 27.Kb1 Be8 28.f4 Bf7
29.Kc1 Qa2 30.fxe5 Bb3 31.Qd3 Rd7 32.Qxd7 Rxc3+ 33.Kd2 Qxb2+  0-1

[Event "Hastings op9495"]
[Site "Hastings"]
[Date "1994.??.??"]
[Round "?"]
[White "Cherniaev, Alexander"]
[Black "Gallagher, Joseph G"]
[Result "0-1"]
[WhiteElo "2415"]
[BlackElo "2470"]

1.e4 c5 2.Nc3 Nc6 3.Nge2 g6 4.d4 cxd4 5.Nxd4 Bg7 6.Nb3 Nf6 7.Be2 O-O 8.O-O d6
9.Kh1 a5 10.a4 Be6 11.Bg5 Qc8 12.f4 Rd8 13.Bf3 Nb4 14.Nd4 Bc4 15.Rf2 h6 16.Bh4 e5
17.Ndb5 exf4 18.Bxf6 Bxf6 19.Nxd6 Qc5 20.Rd2 Ba6 21.Ncb5 Bxb5 22.axb5 Bxb2
23.Nxb7 Rxd2 24.Nxc5 Rxd1+ 25.Rxd1 a4 26.e5 Ra5 27.c4 Bxe5 28.h4 a3 29.Nb3 Ra4
30.c5 a2 31.c6 Ra3 32.Na1 Rc3 33.Kh2 Rc5 34.Nb3 Rxb5 35.Rd8+ Kg7 36.Ra8 Rb6
37.Kh3 Nxc6 38.Rxa2 Rxb3  0-1

[Event "Hastings op9495"]
[Site "Hastings"]
[Date "1994.??.??"]
[Round "?"]
[White "Conquest, Stuart"]
[Black "Holland, Christopher"]
[Result "1-0"]
[WhiteElo "2505"]
[BlackElo "2265"]

1.e4 c5 2.Nc3 Nc6 3.Nge2 g6 4.d3 Bg7 5.Be3 d6 6.Qd2 Rb8 7.a3 Qa5 8.d4 Nf6
9.d5 Ne5 10.Ng3 b5 11.f4 Nc4 12.Bxc4 bxc4 13.Nd1 Qc7 14.c3 O-O 15.Nf2 e6
16.dxe6 fxe6 17.O-O d5 18.e5 Nd7 19.Ng4 Nb6 20.Rac1 Na4 21.Rc2 Bb7 22.Qe2 Qe7
23.Rd2 Bc6 24.h3 Rb7 25.Rc1 Rfb8 26.Rcc2 Kh8 27.Nf1 Bb5 28.Qf2 Rf8 29.Qg3 Bc6
30.Nfh2 Rfb8 31.Qf2 Rb3 32.Nf3 Rf8 33.Ng5 Kg8 34.Qh4 h5 35.Nh2 Kh8 36.Qf2 Kg8
37.Nhf3 Rb7 38.g4 Bh6 39.gxh5 gxh5 40.Qh4 Qe8 41.Rg2 Kh8 42.Rcf2 Rg7 43.Kh2 Rf5
44.Qg3 Bxg5 45.fxg5 d4 46.cxd4 Nxb2 47.Nh4 Rxf2 48.Rxf2 Nd1 49.Rf6 Nxe3 50.Qxe3 cxd4
51.Qxd4 Qd7 52.Qf2 Qd1 53.Rf8+ Kh7 54.g6+ Rxg6 55.Nxg6  1-0

[Event "Hastings op9495"]
[Site "Hastings"]
[Date "1994.??.??"]
[Round "?"]
[White "Plaskett, Jim"]
[Black "Van de Mortel, Jan"]
[Result "1-0"]
[WhiteElo "2485"]
[BlackElo "2335"]

1.e4 c5 2.Nc3 Nc6 3.Nf3 g6 4.Bb5 Bg7 5.O-O e5 6.a3 Nge7 7.b4 d6 8.bxc5 dxc5
9.d3 O-O 10.Bc4 h6 11.Be3 Nd4 12.Nd2 Be6 13.Rb1 b6 14.a4 Qd7 15.Bxe6 Nxe6
16.Nc4 f5 17.a5 f4 18.Bd2 f3 19.axb6 Nd4 20.g3 Qh3 21.Ne3 axb6 22.Rxb6 Kh7
23.Kh1 Ra1 24.Rb1 Rfa8 25.Rg1 Rxb1 26.Qxb1 Qd7 27.g4 Rf8 28.Rg3 Bf6 29.Rg1 Bg5
30.Qd1 Rg8 31.Ned5 Qd8 32.Bxg5 hxg5 33.Qd2 Nxd5 34.Nxd5 Kg7 35.Rb1 Rh8 36.Qe3 Kg8
37.c3 Ne2 38.Qxc5 Rh7  1-0

[Event "Helsinki-ch"]
[Site "Helsinki"]
[Date "1994.??.??"]
[Round "?"]
[White "Kokkila, Tero"]
[Black "Manninen, Marko"]
[Result "1/2-1/2"]
[WhiteElo "2235"]
[BlackElo "2375"]

1.e4 c5 2.Nf3 Nc6 3.Nc3 e5 4.Bc4 Be7 5.d3 Nf6 6.Bg5 O-O 7.Qd2 d6 8.O-O Rb8
9.a4 Bg4 10.Ne1 Be6 11.f4 exf4 12.Bxf4 Nh5 13.Nd5 Nxf4 14.Qxf4 Bg5 15.Qf2 Ne7
16.Nf3 Bxd5 17.Nxg5 Bxc4 18.dxc4 Ng6 19.Qf5 Qe7 20.h4 h6 21.h5 Qxg5 22.Qxg5 hxg5
23.hxg6 Rbe8 24.Rad1 Re6 25.gxf7+ Rxf7 26.b3 Rff6 27.Rf5 Kf7 28.Rxg5 Rxe4
29.Rd3 Re1+ 30.Kh2 Re2 31.Rgd5 Rg6 32.Rxd6 Rexg2+ 33.Kh3 Rxd6 34.Rxd6 Ke7
35.Rd5 Rxc2 36.Rxc5 Rc3+ 37.Kg4 Rxb3 38.Rc7+ Kd6 39.Rxg7 Kc6 40.a5 a6 41.Kf4 Rc3
42.Rg6+ Kc5 43.Rg7 Rxc4+ 44.Ke5 Kc6 45.Rg6+ Kc7 46.Rg7+ Kb8 47.Kd6 Rd4+ 48.Ke6 Rb4
49.Rg5 Kc7 50.Rc5+ Kd8  1/2-1/2

[Event "Hlohovec op"]
[Site "Hlohovec"]
[Date "1994.??.??"]
[Round "?"]
[White "Bielczyk, Jacek"]
[Black "Manik, Mikulas"]
[Result "1/2-1/2"]
[WhiteElo "2380"]
[BlackElo "2345"]

1.e4 c5 2.Nf3 Nc6 3.Nc3 Nf6 4.Bb5 d6 5.d4 cxd4 6.Qxd4 e6 7.Bg5 Be7 8.e5 dxe5
9.Qxd8+ Bxd8 10.Nxe5 Bd7 11.Nxd7 Nxd7 12.Bxd8 Rxd8 13.O-O-O Ke7 14.Bxc6 bxc6
15.Rd4 Nb6 16.Rhd1 Rxd4 17.Rxd4 e5 18.Rb4 Rd8 19.Na4 Nd5 20.Rb7+ Rd7 21.Rxd7+ Kxd7  1/2-1/2

[Event "Hlohovec op"]
[Site "Hlohovec"]
[Date "1994.??.??"]
[Round "?"]
[White "Berzinsh, Roland"]
[Black "Petrienko, Vladimir"]
[Result "0-1"]
[WhiteElo "2475"]
[BlackElo "2450"]

1.e4 c5 2.Nc3 Nc6 3.Nge2 Nf6 4.d4 cxd4 5.Nxd4 d6 6.Bc4 Qb6 7.Ndb5 a6 8.Be3 Qa5
9.Nd4 g6 10.f3 Bg7 11.Bb3 Bd7 12.h4 Rc8 13.Qd2 h5 14.O-O-O Ne5 15.Kb1 Nc4
16.Bxc4 Rxc4 17.Nb3 Qc7 18.Bd4 Be6 19.Nd5 Bxd5 20.exd5 O-O 21.Rhe1 Rc8 22.c3 a5
23.Qe2 a4 24.Nc1 a3 25.Qxe7 axb2 26.Nb3 Qxe7 27.Rxe7 Nxd5 28.Rd7 Nxc3+ 29.Bxc3 Bxc3
30.g3 R4c7 31.R7xd6 Be5 32.Rd8+ Rxd8 33.Rxd8+ Kg7 34.f4 Bf6 35.Rd3 Re7 36.Nd4 Re1+
37.Kc2 Re4 38.Kc3 b5  0-1

[Event "Hospitalet op"]
[Site "Hospitalet"]
[Date "1994.??.??"]
[Round "8"]
[White "Marin Ionescu, Luiza"]
[Black "Hernandez, Alberto"]
[Result "1-0"]
[WhiteElo "2115"]
[BlackElo "2285"]

1.e4 c5 2.Nf3 Nc6 3.Nc3 d6 4.d4 cxd4 5.Nxd4 Nf6 6.Be3 e5 7.Nf3 Be7 8.Bc4 O-O
9.O-O Be6 10.Qe2 Rc8 11.Bb3 Qa5 12.Rfd1 Rfd8 13.Ng5 d5 14.Nxe6 fxe6 15.exd5 Nxd5
16.Nxd5 exd5 17.Qg4 Rc7 18.Rxd5 Rxd5 19.Qe6+ Kf8 20.Bxd5 Bf6 21.Rd1 Nd8 22.Qg8+ Ke7
23.Bg5 Rd7 24.Qxg7+ Ke8 25.Qxf6  1-0

[Event "Hradec Kralove op"]
[Site "Hradec Kralove"]
[Date "1994.??.??"]
[Round "6"]
[White "Hofmann, Bernhard"]
[Black "Kokes, Bohuslav"]
[Result "0-1"]
[WhiteElo "1820"]
[BlackElo "2010"]

1.e4 c5 2.Nc3 Nc6 3.Nge2 Nf6 4.d4 cxd4 5.Nxd4 d6 6.Be3 e5 7.Nb3 Be6 8.Be2 Be7
9.O-O O-O 10.f4 exf4 11.Bxf4 a6 12.Kh1 b5 13.Bf3 Rc8 14.Nd5 Bxd5 15.exd5 Ne5
16.Nd4 Nxf3 17.Qxf3 Rc5 18.Nc6 Qd7 19.Nxe7+ Qxe7 20.Bg5 Qe4 21.Qg3 Nxd5 22.c3 Qg6
23.Rad1 Nxc3 24.bxc3 Rxg5 25.Qf3 Qe6 26.Qc6 d5 27.Qc5 Qe2 28.Qf2 Qxf2 29.Rxf2 Re8
30.Rf3 Rge5 31.h4 Re1+ 32.Rxe1 Rxe1+ 33.Kh2 f6 34.Rd3 Re5 35.Kg3 Kf7 36.Kf2 Ke6
37.g3 Re4 38.Rd2 h5 39.Rd3 Kd6  0-1

[Event "Hradec Kralove op"]
[Site "Hradec Kralove"]
[Date "1994.??.??"]
[Round "9"]
[White "Hofmann, Bernhard"]
[Black "Pretterhofer, M."]
[Result "1-0"]
[WhiteElo "1820"]
[BlackElo "1700"]

1.e4 c5 2.Nc3 Nc6 3.Nge2 d6 4.d4 cxd4 5.Nxd4 e5 6.Nb3 Nf6 7.Bg5 Be7 8.Be2 Be6
9.O-O Rc8 10.Qd2 a6 11.a4 O-O 12.Rad1 Bxb3 13.cxb3 Nd4 14.Bc4 Rc6 15.Be3 Qc7
16.Bxd4 exd4 17.Qxd4 Rd8 18.Bd5 Ng4 19.Bxc6 bxc6 20.h3 Bf6 21.Qd3 Bxc3 22.bxc3 Nf6
23.e5 Nd5 24.exd6  1-0

[Event "HUN-chT 9394"]
[Site "?"]
[Date "1994.??.??"]
[Round "?"]
[White "Boros, Daniel"]
[Black "Czebe, Attila"]
[Result "1-0"]
[WhiteElo "2255"]
[BlackElo "2355"]

1.e4 c5 2.Nc3 Nc6 3.Nge2 e6 4.g3 g6 5.d4 cxd4 6.Nxd4 a6 7.Bg2 Bg7 8.Be3 Nge7
9.O-O d6 10.Nb3 O-O 11.f4 Qc7 12.Qd2 d5 13.e5 Rd8 14.Qf2 Re8 15.Bb6 Qb8 16.Ne2 Bd7
17.Nc5 Qc8 18.c3 Nb8 19.Nd4 Bb5 20.Rfe1 Nd7 21.Nxd7 Qxd7 22.Bc5 Rac8 23.Bxe7 Qxe7
24.g4 Bd7 25.Re3 b5 26.Rae1 b4 27.f5 Qg5 28.f6 Bf8 29.Qg3 h5 30.gxh5 Qxh5
31.Qf2 bxc3 32.bxc3 Rc4 33.Rh3 Qg5 34.Rg3 Qh5 35.Bf1 Rc7 36.Qg2 Bh6 37.Be2 Qh4
38.Rf1 Rxc3 39.Rg4 Qh5 40.Nf3 Rec8 41.Rh4 Be3+ 42.Kh1 Qf5 43.Ne1 Qxe5 44.Bd3 Bg5
45.Nf3 Qxf6 46.Nxg5 Rc1 47.Rh3 Rxf1+ 48.Bxf1 e5 49.Rf3 Bf5 50.h4 Kg7 51.Qg3 e4
52.Rf4 d4 53.Bh3 Rc1+ 54.Kh2 Rc2+ 55.Kh1 Rc3 56.Qg1 Kh6 57.Bxf5 gxf5 58.Nxe4 Rh3+
59.Kg2 Rxh4 60.Nxf6 Rxf4  1-0

[Event "HUN-chT 9394"]
[Site "?"]
[Date "1994.??.??"]
[Round "?"]
[White "Meszaros, Andras"]
[Black "Czebe, Attila"]
[Result "1-0"]
[WhiteElo "2395"]
[BlackElo "2355"]

1.e4 c5 2.Nf3 Nc6 3.Nc3 Nf6 4.Be2 d5 5.d3 g6 6.O-O Bg7 7.Re1 d4 8.Nb1 O-O
9.c3 e5 10.cxd4 cxd4 11.Na3 h6 12.Bd2 Be6 13.Rc1 Bxa2 14.Nc4 Nd7 15.Qa4 Bxc4
16.Qxc4 Qe7 17.Bd1 Rfc8 18.Qb5 Nf8 19.Bb3 Ne6 20.Bd5 Rab8 21.Rc2 a6 22.Qb6 Qd8
23.Qb3 Qd7 24.Rec1 Bf6 25.Bxh6 Kh7 26.Bd2 Kg7 27.Bxe6 Qxe6 28.Qxe6 fxe6 29.Kf1 Kf7
30.Ke2 Rh8 31.h3 Rbg8 32.Nh2 Be7 33.Ng4 Ra8 34.Rc4 Bd6 35.Bg5 a5 36.Bf6 Rhe8
37.f4 exf4 38.e5 Be7 39.Bxe7 Kxe7 40.Rc5 Reb8 41.Kf3 g5 42.Nf2 a4 43.Rb5 Kf7
44.Ne4 Kg6 45.Rcc5 Ra6 46.Kg4 Na7 47.Ra5 Rxa5 48.Rxa5 Nc6 49.Rb5 b6 50.Nxg5 Na7
51.Rb4 b5 52.Rxd4 Nc6 53.Rd6 Nxe5+ 54.Kxf4 Rf8+ 55.Kxe5 Kxg5 56.Rb6 Rf2 57.b4 axb3
58.g4 Rf3 59.Rxb5 Rxh3 60.Kxe6+ Kxg4 61.Rxb3 Kf4 62.Rb4+ Ke3 63.d4 Rh6+ 64.Ke5 Rh5+
65.Kd6 Ke4 66.d5+ Kf5 67.Rb1 Ke4 68.Re1+ Kd4 69.Kc6 Kc4 70.Rc1+ Kb4 71.d6  1-0

[Event "HUN-chT 9394"]
[Site "?"]
[Date "1994.??.??"]
[Round "?"]
[White "Nagy, E."]
[Black "Honos, Attila"]
[Result "1/2-1/2"]
[WhiteElo "2305"]
[BlackElo "2300"]

1.e4 c5 2.Nf3 Nc6 3.Nc3 g6 4.d4 cxd4 5.Nxd4 Bg7 6.Be3 d6 7.Qd2 Nf6 8.Be2 Ng4
9.Bxg4 Bxg4 10.Nxc6 bxc6 11.Na4 O-O 12.c4 Be6 13.Rc1 f5 14.exf5 Rxf5 15.O-O Qc7
16.Bd4 Bxd4 17.Qxd4 Raf8 18.f4 Bc8 19.b3 Bb7 20.Nc3 c5 21.Qe3 R5f7 22.Rce1 Bc6
23.Qe6 Qb7 24.Nd5 Bxd5 25.cxd5 Kh8 26.g3 Qb5 27.h4 Qd3 28.Kh2 a5 29.Rf2 Qd4
30.Rfe2 a4 31.Qe4 Qxe4 32.Rxe4 axb3 33.axb3 Rb8 34.R1e3 Rb7 35.Kg2 Kg8 36.Kf3 Kf8
37.Ra4 Rf5 38.Kg4 Kf7 39.Rc3  1/2-1/2

[Event "HUN-chT 9394"]
[Site "?"]
[Date "1994.??.??"]
[Round "?"]
[White "Hardicsay, Peter"]
[Black "Meszaros, Andras"]
[Result "0-1"]
[WhiteElo "2360"]
[BlackElo "2395"]

1.e4 c5 2.Nf3 Nc6 3.Nc3 Nf6 4.Bb5 g6 5.e5 Nh5 6.O-O Bg7 7.Re1 O-O 8.d3 f5
9.exf6 Nxf6 10.Bg5 d6 11.h3 Nd4 12.Bc4+ e6 13.Nxd4 cxd4 14.Ne2 Qb6 15.Bb3 Bd7
16.Qd2 Kh8 17.Ng3 d5 18.Re2 a5 19.a4 Rf7 20.Bh6 Qb4 21.Qxb4 axb4 22.Bd2 Bf8
23.Ree1 Bc5 24.Rf1 Ne8 25.c3 bxc3 26.bxc3 Nd6 27.Ne2 dxc3 28.Bxc3+ Kg8 29.Bd4 Bxd4
30.Nxd4 Rf4 31.Nc2 Rc8 32.Rfb1 Rc3 33.Ne1 Rb4 34.Bd1 Ra3 35.Bc2 Rxb1 36.Rxb1 Bxa4
37.Bxa4 Rxa4 38.Nf3 Ra8 39.Ng5 e5 40.Rb6 Ra1+ 41.Kh2 Ra6 42.Rb2 b5 43.Nf3 e4
44.dxe4 dxe4 45.Nd4 Rb6 46.Rb3 Kf7 47.f3 exf3 48.Rxf3+ Ke7 49.g4 Kd7 50.Rc3 Ne8
51.Rf3 Nd6 52.Rc3 Rb7 53.Rb3 Rb8 54.Kg3 Kc7 55.Kf4 Kb6 56.Ke5 Kc5 57.Ne6+ Kc4
58.Rb1 Rb6 59.Rc1+ Kb4 60.Rb1+ Kc3 61.Kd5 Nc4 62.Rc1+ Kd2 63.Rb1 Ne3+ 64.Ke5 Nc2
65.Nc5 b4 66.Rb2 Rb5 67.Kd6 Rb8 68.Kc7 Rf8 69.Ne4+ Kd3 70.Nc5+ Kc3 71.Na4+ Kd2
72.Nc5 Rf3 73.h4 Rf4 74.g5 Rxh4 75.Kd6 Rg4 76.Rb1 Na3 77.Rb2+ Kc3 78.Rh2 Kc4
79.Ne6 b3 80.Ke5 Nc2 81.Rh1 Rg3 82.Kf6 Re3 83.Rb1 Na3 84.Rc1+ Kb4 85.Nc7 Rf3+
86.Kg7 b2 87.Nd5+ Ka4 88.Rh1 Rd3 89.Nf6 Rc3  0-1

[Event "HUN-chT 9394"]
[Site "?"]
[Date "1994.??.??"]
[Round "?"]
[White "Kerek, Krisztian"]
[Black "Rajcsanyi, Zita"]
[Result "1-0"]
[WhiteElo "2170"]
[BlackElo "2260"]

1.e4 c5 2.Nf3 Nc6 3.Nc3 e6 4.Bb5 Nd4 5.Bd3 d6 6.Nxd4 cxd4 7.Ne2 e5 8.c3 dxc3
9.dxc3 Nf6 10.Bg5 Be7 11.Bb5+ Nd7 12.Bxe7 Qxe7 13.Ng3 O-O 14.Nf5 Qg5 15.Qxd6 a6
16.Bxd7 Bxd7 17.O-O Rad8 18.Qe7 Qxe7 19.Nxe7+ Kh8 20.Rfd1 Bb5 21.f3 Be2 22.Rd5 Rfe8
23.b3 Rxd5 24.Nxd5 Bb5 25.Rd1 Rd8 26.Kf2 f6 27.c4 Bc6 28.Ke2 Bxd5 29.Rxd5  1-0